KOHA-Header-6

Budgeting Principles (Record no. 9772)

000 -LEADER
fixed length control field 00258nam a2200109Ia 4500
100 ## - MAIN ENTRY--AUTHOR NAME
Personal name Hart, Wilson, Keers
245 #0 - TITLE STATEMENT
Title Budgeting Principles
260 ## - PUBLICATION, DISTRIBUTION, ETC. (IMPRINT)
Place of publication Canada
Name of publisher Pearson
Year of publication 1983
300 ## - PHYSICAL DESCRIPTION
Number of Pages 416
942 ## - ADDED ENTRY ELEMENTS (KOHA)
Koha item type Books
Holdings
Withdrawn status Lost status Collection code Permanent Location Current Location Shelving location Date acquired Full call number Accession Number Koha item type
    Finance MAJU MAJU Shelf No.B44 2019-09-14 330.2 5719 Finance

Powered by Koha